Industrial subsidies and friction in world trade (Record no. 31285)
[ view plain ]
| 000 -LEADER | |
|---|---|
| fixed length control field | 01282nam a2200325 a 4500 |
| 082 04 - DEWEY DECIMAL CLASSIFICATION NUMBER | |
| Classification number | 341.7/54 |
| 100 1# - MAIN ENTRY--AUTHOR NAME | |
| Personal name | Behboodi, Rambod, |
| 245 10 - TITLE STATEMENT | |
| Title | Industrial subsidies and friction in world trade |
| 260 ## - PUBLICATION, DISTRIBUTION, ETC. (IMPRINT) | |
| Place of publication | London ; |
| -- | New York : |
| Name of publisher | Routledge, |
| Year of publication | 2003. |
| 300 ## - PHYSICAL DESCRIPTION | |
| Number of Pages | xii, 215 p. |
| 650 #0 - SUBJECT ADDED ENTRY--TOPICAL TERM | |
| Topical Term | Subsidies |
| Topical Term | Antidumping duties |
| Topical Term | International trade. |
| 856 40 - ELECTRONIC LOCATION AND ACCESS | |
| Uniform Resource Identifier | http://site.ebrary.com/lib/rucke/Doc?id=10070553 |
No items available.
